| 000 | 00740nam a2200193 i 4500 | ||
|---|---|---|---|
| 001 | 180323 | ||
| 003 | ES-MaACL | ||
| 005 | 20230906221048.0 | ||
| 008 | 120528s1975 sp |||| | spa d | ||
| 080 | _a611-013.9(043.2) | ||
| 100 | 1 |
_aVilanova Trías, José. _9114783 |
|
| 245 | 1 | 0 |
_aInfluencia de la testosterona sobre le desarrollo genital fetal... / _cpor José Vilanova Trías. |
| 260 |
_aBarcelona : _bUniversidad de Barcelona. Secretariado de Publicaciones, Intercambio Científico y Extensión Cultural, _c1975. |
||
| 300 |
_a18 p. : _bil. ; _c24 cm. |
||
| 502 | _aTesis-Universidad de Barcelona (Extracto) | ||
| 650 | 4 |
_aTestosterona. _9150145 |
|
| 710 | 2 |
_aUniversidad de Barcelona. _97141 |
|
| 852 |
_aES-MaACL _jE-15361 (152) |
||
| 999 |
_c180323 _d180323 |
||